| 000 | 00452cam a2200193ua 4500 | ||
|---|---|---|---|
| 001 | 8434 | ||
| 008 | 150130n ii |||gr||||Z||||||asm | ||
| 020 | _a8173390363 | ||
| 040 | _cMAIN | ||
| 041 | _aasm | ||
| 082 | _a320.3 | ||
| 100 |
_aGogoi, P., _eAuthor. |
||
| 245 | 1 |
_aTulanamulak sarkar aru sangbidhan _cBy P. Gogoi |
|
| 250 | _a11th. | ||
| 260 |
_aDibrugarh: _bBanalata, _c2001. |
||
| 300 | _a582p. | ||
| 653 | _aPolitical science | ||
| 942 | _cBK | ||
| 999 |
_c7542 _d7542 |
||